[Event "Titled Tuesday intern op 09th May Early"]
[Site "Chess.com INT"]
[Date "2023.05.09"]
[Round "6"]
[White "Iskusnyh, Sergei"]
[Black "Wessendorf, Thomas"]
[Result "1-0"]
[WhiteElo "2440"]
[BlackElo "2273"]
[PlyCount "103"]
[EventDate "2023.05.09"]
[EventType "swiss (blitz)"]
[EventRounds "11"]
[EventCountry "USA"]
[SourceTitle "CBM 214 Extra"]
[Source "ChessBase"]
[SourceDate "2023.07.31"]
[SourceVersion "1"]
[SourceVersionDate "2023.07.31"]
[SourceQuality "1"]

1. d4 Nf6 2. c4 e6 3. g3 c5 4. Nf3 cxd4 5. Nxd4 Qc7 6. Nd2 a6 7. Bg2 Nc6 8. N4b3 Be7 9. 0-0 0-0 10. Nf3 d6 11. Nbd4 Bd7 12. b3 Rfd8 13. Bb2 Ne5 14. Rc1 Rac8 15. Qc2 b5 16. cxb5 Qxc2 17. Rxc2 Rxc2 18. Nxc2 Nxf3+ 19. Bxf3 axb5 20. Nb4 d5 21. Nd3 Ra8 22. a3 Kf8 23. Ne5 Bd6 24. Nxd7+ Nxd7 25. e4 dxe4 26. Bxe4 Rc8 27. Rd1 Ke7 28. Bxg7 Bxa3 29. h4 Nc5 30. Bc2 Bb4 31. h5 Nb7 32. Bxh7 Nd6 33. h6 f6 34. Bg6 Nf7 35. h7 Nh8 36. Bxh8 Rxh8 37. Ra1 Bc5 38. Ra5 f5 39. Rxb5 Bd4 40. Rb7+ Kf6 41. Bh5 Kg5 42. Be2 Kh6 43. Bc4 e5 44. Bg8 e4 45. Kf1 Kg5 46. Ke2 Kf6 47. b4 Ke5 48. Re7+ Kf6 49. Re6+ Kg7 50. b5 Rxg8 51. hxg8Q+ Kxg8 52. b6 1-0

[Event "Titled Tuesday intern op 09th May Early"]
[Site "Chess.com INT"]
[Date "2023.05.09"]
[Round "5"]
[White "Wessendorf, Thomas"]
[Black "Garakov, Mikhael"]
[Result "0-1"]
[WhiteElo "2273"]
[BlackElo "2447"]
[PlyCount "52"]
[EventDate "2023.05.09"]
[EventType "swiss (blitz)"]
[EventRounds "11"]
[EventCountry "USA"]
[SourceTitle "CBM 214 Extra"]
[Source "ChessBase"]
[SourceDate "2023.07.31"]
[SourceVersion "1"]
[SourceVersionDate "2023.07.31"]
[SourceQuality "1"]

1. e4 c5 2. Nf3 e6 3. d3 Nc6 4. g3 g6 5. Bg2 Bg7 6. 0-0 d5 7. Re1 Nf6 8. Nbd2 0-0 9. c3 a5 10. a4 b6 11. Qc2 Ba6 12. Bf1 Rc8 13. Nb1 e5 14. Na3 Re8 15. Bg5 h6 16. Bxf6 Bxf6 17. Rad1 Qd7 18. Bg2 Bb7 19. exd5 Qxd5 20. Nxe5 Qxg2+ 21. Kxg2 Nd4+ 22. f3 Nxc2 23. Nxc2 Rxe5 24. Rxe5 Bxe5 25. Re1 Bf6 26. Kf2 Bc6 0-1

[Event "Titled Tuesday intern op 02nd May Early"]
[Site "Chess.com INT"]
[Date "2023.05.02"]
[Round "10"]
[White "Vivas Zamora, Fabian Ernesto"]
[Black "Wessendorf, Thomas"]
[Result "1-0"]
[WhiteElo "2346"]
[BlackElo "2273"]
[PlyCount "91"]
[EventDate "2023.05.02"]
[EventType "swiss (blitz)"]
[EventRounds "11"]
[EventCountry "USA"]
[SourceTitle "EXT 2024"]
[Source "ChessBase"]
[SourceDate "2023.10.10"]
[SourceVersion "1"]
[SourceVersionDate "2023.10.10"]
[SourceQuality "1"]

1. e4 c5 2. Nc3 Nc6 3. Bb5 Nf6 4. Nf3 d6 5. e5 Ng4 6. d4 cxd4 7. Qxd4 dxe5 8. Qxd8+ Kxd8 9. h3 Nf6 10. Bxc6 bxc6 11. Nxe5 Ke8 12. Bg5 Bb7 13. Bxf6 gxf6 14. Nc4 a5 15. 0-0-0 Rg8 16. Rhe1 e6 17. Ne4 Bh6+ 18. Kb1 Ke7 19. Nc5 Bc8 20. g3 Ra7 21. Rd3 e5 22. f4 Be6 23. Nxe6 fxe6 24. fxe5 f5 25. Red1 a4 26. a3 Rb7 27. Na5 Rc7 28. Rd6 Rgc8 29. R6d4 Be3 30. Rxa4 Rg8 31. g4 fxg4 32. Rxg4 Rg5 33. Nc4 Rxg4 34. hxg4 Bf4 35. Rf1 Bg5 36. Nd6 Rd7 37. Rf7+ Kd8 38. b4 Be3 39. Rf8+ Kc7 40. a4 Bd4 41. Rc8+ Kb6 42. a5+ Ka7 43. Nc4 Bc3 44. Rxc6 Bxb4 45. Rxe6 Rb7 46. Ka2 1-0

[Event "Titled Tuesday intern op 01st Nov Early"]
[Site "Chess.com INT"]
[Date "2022.11.01"]
[Round "6"]
[White "Lohani, Sujana"]
[Black "Wessendorf, Thomas"]
[Result "0-1"]
[WhiteElo "1716"]
[BlackElo "2263"]
[PlyCount "52"]
[EventDate "2022.11.01"]
[EventType "swiss (blitz)"]
[EventRounds "11"]
[EventCountry "USA"]
[SourceTitle "EXT 2024"]
[Source "ChessBase"]
[SourceDate "2023.10.10"]
[SourceVersion "1"]
[SourceVersionDate "2023.10.10"]
[SourceQuality "1"]

1. d4 Nf6 2. Nf3 e6 3. c4 c5 4. d5 exd5 5. cxd5 d6 6. Nc3 g6 7. e4 Bg7 8. h3 0-0 9. Bd3 b5 10. Nxb5 Re8 11. Nc3 Nxe4 12. Nxe4 f5 13. Nfd2 fxe4 14. Nxe4 Bf5 15. f3 Qh4+ 16. Kf1 Bxe4 17. Bxe4 Nd7 18. Qe1 Qf6 19. Rb1 Rab8 20. Qg3 Rxe4 21. Bg5 Qf5 22. Qxd6 Rd4 23. Re1 Rxd5 24. Qxb8+ Nxb8 25. Re8+ Kf7 26. Rxb8 Qxg5 0-1

[Event "Titled Tuesday intern op 01st Nov Early"]
[Site "Chess.com INT"]
[Date "2022.11.01"]
[Round "9"]
[White "Petrovic, Aleksa"]
[Black "Wessendorf, Thomas"]
[Result "0-1"]
[WhiteElo "2252"]
[BlackElo "2263"]
[PlyCount "50"]
[EventDate "2022.11.01"]
[EventType "swiss (blitz)"]
[EventRounds "11"]
[EventCountry "USA"]
[SourceTitle "EXT 2024"]
[Source "ChessBase"]
[SourceDate "2023.10.10"]
[SourceVersion "1"]
[SourceVersionDate "2023.10.10"]
[SourceQuality "1"]

1. e4 c5 2. Nc3 Nc6 3. g3 g6 4. Bg2 Bg7 5. d3 d6 6. f4 e6 7. Nh3 Nge7 8. 0-0 0-0 9. f5 exf5 10. Bg5 h6 11. Bf4 Nd4 12. exf5 Nexf5 13. Nd5 Rb8 14. Qc1 Re8 15. Nc3 b5 16. g4 b4 17. gxf5 bxc3 18. Qd1 Ne2+ 19. Kh1 cxb2 20. fxg6 fxg6 21. Rb1 Nc3 22. Qd2 Re2 23. Qxe2 Nxe2 24. Rbe1 Bxh3 25. Bxh3 Nxf4 0-1

[Event "Titled Tuesday intern op 01st Nov Late"]
[Site "Chess.com INT"]
[Date "2022.11.01"]
[Round "11"]
[White "Wessendorf, Thomas"]
[Black "Jimenez Fernandez, Rebeca"]
[Result "0-1"]
[WhiteElo "2263"]
[BlackElo "2114"]
[PlyCount "62"]
[EventDate "2022.11.01"]
[EventType "swiss (blitz)"]
[EventRounds "11"]
[EventCountry "USA"]
[SourceTitle "EXT 2024"]
[Source "ChessBase"]
[SourceDate "2023.10.10"]
[SourceVersion "1"]
[SourceVersionDate "2023.10.10"]
[SourceQuality "1"]

1. e4 c5 2. Nf3 d6 3. d4 cxd4 4. Nxd4 Nf6 5. Nc3 g6 6. Be3 Bg7 7. f3 0-0 8. Qd2 Nc6 9. Bc4 Bd7 10. h4 Rc8 11. Bb3 Ne5 12. 0-0-0 Nc4 13. Bxc4 Rxc4 14. h5 Qa5 15. hxg6 fxg6 16. Nb3 Qa6 17. Nd5 Nxd5 18. Qxd5+ e6 19. Qxd6 Qxa2 20. Rd3 Qxb2+ 21. Kd1 Qb1+ 22. Ke2 Rxc2+ 23. Nd2 Qxh1 24. Qxd7 Qxg2+ 25. Bf2 Rxd2+ 26. Rxd2 Qxf3+ 27. Kf1 Qh1+ 28. Ke2 Qxe4+ 29. Kd1 Qb1+ 30. Ke2 Qe4+ 31. Kd1 Bh6 0-1

[Event "Titled Tuesday intern op 01st Nov Late"]
[Site "Chess.com INT"]
[Date "2022.11.01"]
[Round "5"]
[White "Wessendorf, Thomas"]
[Black "Joubert, Dantelle"]
[Result "1-0"]
[WhiteElo "2263"]
[BlackElo "1566"]
[PlyCount "101"]
[EventDate "2022.11.01"]
[EventType "swiss (blitz)"]
[EventRounds "11"]
[EventCountry "USA"]
[SourceTitle "EXT 2024"]
[Source "ChessBase"]
[SourceDate "2023.10.10"]
[SourceVersion "1"]
[SourceVersionDate "2023.10.10"]
[SourceQuality "1"]

1. e4 e5 2. Nf3 Nc6 3. Bb5 Nf6 4. d3 Bc5 5. 0-0 0-0 6. c3 d5 7. Nbd2 Bg4 8. h3 Bxf3 9. Qxf3 dxe4 10. dxe4 Ne7 11. Rd1 Qc8 12. Nf1 Ng6 13. Bg5 Be7 14. Ng3 h6 15. Be3 Nh4 16. Qe2 c6 17. Ba4 Qc7 18. Bb3 a5 19. a4 Rad8 20. Nh5 Kh7 21. Nxf6+ Bxf6 22. g3 Ng6 23. h4 Rxd1+ 24. Rxd1 Rd8 25. Rxd8 Qxd8 26. Bxf7 Ne7 27. h5 Nc8 28. Bg6+ Kh8 29. Kg2 Ne7 30. Bf7 Qd7 31. Bb3 Nc8 32. Qc4 Qd8 33. Bc5 Be7 34. Be3 Bf6 35. Qe6 Ne7 36. Bc5 Nc8 37. Qg4 b6 38. Be3 c5 39. Qg6 Ne7 40. Qf7 Nc8 41. Be6 Nd6 42. Qg6 Qe7 43. Bd5 Qe8 44. Qg4 Qe7 45. f4 exf4 46. Qxf4 Be5 47. Qf3 Qf6 48. Bf4 Nf7 49. Bxe5 Nxe5 50. Qf5 Qxf5 51. exf5 1-0

[Event "Titled Tuesday intern op 01st Nov Late"]
[Site "Chess.com INT"]
[Date "2022.11.01"]
[Round "3"]
[White "Wessendorf, Thomas"]
[Black "Khandelwal, Ankush"]
[Result "0-1"]
[WhiteElo "2263"]
[BlackElo "2228"]
[PlyCount "66"]
[EventDate "2022.11.01"]
[EventType "swiss (blitz)"]
[EventRounds "11"]
[EventCountry "USA"]
[SourceTitle "EXT 2024"]
[Source "ChessBase"]
[SourceDate "2023.10.10"]
[SourceVersion "1"]
[SourceVersionDate "2023.10.10"]
[SourceQuality "1"]

1. e4 c5 2. Nf3 d6 3. d4 cxd4 4. Nxd4 Nf6 5. Nc3 a6 6. Be3 e5 7. Nb3 Be7 8. Qd2 Be6 9. f4 exf4 10. Bxf4 Nc6 11. 0-0-0 Ne5 12. Nd4 Qc7 13. Nf5 Bxf5 14. exf5 0-0 15. g4 Nexg4 16. Rg1 Kh8 17. Bg2 Rac8 18. Kb1 b5 19. Bf3 b4 20. Nd5 Nxd5 21. Bxd5 Ne5 22. Qg2 Bf6 23. Rd2 Nc4 24. Bxc4 Qxc4 25. Bxd6 Rfd8 26. Rgd1 a5 27. Qd5 Qg4 28. Qxf7 a4 29. h3 Qxf5 30. a3 b3 31. Rc1 Rxc2 32. Rcxc2 bxc2+ 33. Rxc2 Rc8 0-1

[Event "GER-ch Net Amateur Gr-A Final"]
[Site "Playchess.com INT"]
[Date "2020.04.18"]
[Round "3"]
[White "Wessendorf, Thomas"]
[Black "Cofman, Veaceslav"]
[Result "1-0"]
[WhiteElo "2076"]
[BlackElo "2197"]
[PlyCount "153"]
[EventDate "2020.04.18"]
[EventType "swiss (blitz)"]
[EventRounds "13"]
[EventCountry "GER"]
[SourceTitle "CBM 195 Extra"]
[Source "ChessBase"]
[SourceDate "2020.05.31"]
[SourceVersion "1"]
[SourceVersionDate "2020.05.31"]
[SourceQuality "1"]

1. e4 d5 2. exd5 Nf6 3. d4 Nxd5 4. Nf3 Bg4 5. Be2 e6 6. 0-0 Nd7 7. h3 Bh5 8. c4 N5b6 9. b3 Be7 10. Bb2 0-0 11. Nbd2 Nf6 12. Qc2 Bg6 13. Qc3 a5 14. a3 Ne4 15. Nxe4 Bxe4 16. Rad1 Bf6 17. Ne5 Nd7 18. Ng4 Bg6 19. Qf3 c6 20. Nxf6+ Qxf6 21. Qc3 a4 22. b4 Rac8 23. Bf3 b5 24. Rfe1 bxc4 25. Qxc4 Nb6 26. Qc5 Nd5 27. Re5 Nf4 28. Qc3 h6 29. Rc5 Rfd8 30. Qe3 Nd5 31. Qe5 Nf4 32. Qxf6 gxf6 33. Rc3 e5 34. dxe5 fxe5 35. Rxd8+ Rxd8 36. Rxc6 e4 37. Bg4 e3 38. fxe3 Nxg2 39. Bf6 Re8 40. Ra6 Nxe3 41. Bd7 Rb8 42. Bxa4 Nd5 43. Be5 Rc8 44. Bc6 Ne7 45. Ra8 Bf5 46. Rxc8+ Bxc8 47. Be4 Bxh3 48. b5 Bc8 49. b6 f5 50. b7 Bxb7 51. Bxb7 Kf7 52. a4 Ke6 53. Bf4 Nd5 54. Bxh6 Nc7 55. a5 Kd7 56. Bf4 Nb5 57. a6 Na7 58. Kf2 Nb5 59. Ke3 Na7 60. Bb8 Nb5 61. Kf4 Kd8 62. Bc6 Kc8 63. Be5 Na7 64. Bb7+ Kd7 65. Bd4 Nb5 66. Bb6 Kd6 67. Kxf5 Kd7 68. Kf4 Kd6 69. Ke4 Kd7 70. Kd3 Kd6 71. Kc4 Nc7 72. Bxc7+ Kxc7 73. Kb5 Kb8 74. Bc6 Ka7 75. Bd5 Kb8 76. Kb6 Kc8 77. a7 1-0